01447nam a2200325 a 450000100060000000300080000600500170001400800410003102000230007203500190009504000270011404100110014108200300015210000470018224501870022926001260041630000300054250000470057250000540061950000190067350400260069260000440071865100430076265100590080570000360086470000450090094200120094599900170095795201470097464983BD-RjUL20211209081356.0170226s1972 enk b 001 0 eng d a0210222549 :c3.00 a(BD-RjUL)65113 aDLCcDLCdBD-RjULbeng0 aengper a954.0290924223bBAL 19721 aBalmakand, Mahtah,dfl. 1719-1720.919265310aLetters of a king-maker of the eighteenth century =(Bālmukund Nāma) /cby Mehta Bālmukund ; English translation [from the Persian] with introduction and notes by Satish Chandra aLondon :bAsia Publishing House for Aligarh Muslim University, Department of History, The Centre of Advanced Study,c1972 a131, iv, [72] p. ;c25 cm aEnglish and Persian text; notes in English aLetters written on behalf of Saiyid Abdullah Khan aIncludes index aBibliography: p. i-iv10aAbdullah Khan, Saiyid,dd. 17239192654 0aMogul EmpirexHistoryvSources9192655 0aMogul EmpirexKings and rulersvCorrespondence91926561 aChandra, Satish,d1922-91717151 aAbdullah Khan, Saiyid,dd. 1723.9192654 2ddccBK c64983d64983 00102ddc40718NFICaRUCLbRUCLcReadingd1974-06-25eIndia Int. Calcuttal0o954.0290924 BAL 1972r2017-02-26 00:00:00tC-1w2017-02-26yBK